[Event "Reykjavik Open"]
[Site "Reykjavik ISL"]
[Date "2017.04.20"]
[EventDate "2017.04.19"]
[Round "2.88"]
[Result "1-0"]
[White "Alex Byrne"]
[Black "Karl Egill Steingrimsson"]
[WhiteElo "1976"]
[BlackElo "1664"]
[PlyCount "99"]

1. e4 d6 2. d4 Nf6 3. Nc3 g6 4. f4 Bg7 5. Nf3 Bg4 6. Be2 e6
7. h3 Bxf3 8. Bxf3 c6 9. O-O O-O 10. Be3 Nbd7 11. Qe2 Qc7
12. e5 dxe5 13. dxe5 Nd5 14. Nxd5 cxd5 15. Rac1 Nb6 16. b3
Rfd8 17. Bd4 Rac8 18. a4 Bf8 19. Qb5 Bc5 20. Bxc5 Qxc5+
21. Qxc5 Rxc5 22. Be2 Rdc8 23. Bd3 Rc3 24. Rb1 d4 25. Rbd1 Nd5
26. Rf2 R8c7 27. Be4 d3 28. Bxd3 Kg7 29. Be4 Nb4 30. Rd4 a5
31. Rdd2 Re3 32. Rfe2 Rec3 33. Kf2 R3c5 34. c3 h6 35. g3 f6
36. exf6+ Kxf6 37. Bf3 Re7 38. Rd6 h5 39. g4 Kf7 40. Rd1 e5
41. gxh5 gxh5 42. Bxh5+ Kg7 43. Bf3 Kf7 44. f5 Kf6 45. Be4 Rh7
46. Re3 Rh4 47. Kg3 Rf4 48. Rd6+ Ke7 49. Rg6 Rc8 50. Bxb7 1-0

[Event "Reykjavik Open"]
[Site "Reykjavik ISL"]
[Date "2017.04.20"]
[EventDate "2017.04.19"]
[Round "2.89"]
[Result "1/2-1/2"]
[White "Per Green"]
[Black "Johann Arnar Finnsson"]
[WhiteElo "1966"]
[BlackElo "1655"]
[PlyCount "96"]

1. Nf3 d6 2. d4 g6 3. e4 Nf6 4. Bd3 Nc6 5. d5 Nb8 6. h3 Bg7
7. c3 c6 8. O-O O-O 9. c4 cxd5 10. exd5 e6 11. dxe6 Bxe6
12. Nc3 Nc6 13. Ng5 Re8 14. Re1 Ne5 15. Nxe6 Rxe6 16. Bg5 h6
17. Bh4 g5 18. Bg3 Qb6 19. Bf5 Ree8 20. b3 Rad8 21. Rc1 Nc6
22. Rxe8+ Nxe8 23. Nd5 Qd4 24. Qe2 Qb2 25. Qxb2 Bxb2 26. Re1
Nf6 27. Ne7+ Kf8 28. Nxc6 bxc6 29. Rd1 Ke7 30. f3 Nh5 31. Bf2
Ng7 32. Be4 c5 33. h4 f5 34. Bd5 a5 35. Re1+ Kf6 36. Re2 Bc3
37. g4 f4 38. Rc2 Bb4 39. Kf1 Re8 40. h5 Re5 41. Rc1 Ne6
42. Bxe6 Kxe6 43. Rd1 Kd7 44. Rd5 Re6 45. Rf5 Ke7 46. Rd5 Kd7
47. Rd1 Kc6 48. Rd5 Kd7 1/2-1/2

[Event "Reykjavik Open"]
[Site "Reykjavik ISL"]
[Date "2017.04.20"]
[EventDate "2017.04.19"]
[Round "2.90"]
[Result "0-1"]
[White "Elvar Orn Hjaltason"]
[Black "Mikael Moller"]
[WhiteElo "1643"]
[BlackElo "1965"]
[PlyCount "114"]

1. d4 d5 2. c4 c6 3. Nf3 Nf6 4. Nc3 Bf5 5. cxd5 cxd5 6. Bg5 e6
7. e3 Nc6 8. Bd3 Bg6 9. O-O Be7 10. a3 Rc8 11. Rc1 O-O
12. Bxg6 hxg6 13. Ne5 Nxe5 14. dxe5 Nd7 15. Bxe7 Qxe7 16. f4
Qc5 17. Qd4 a6 18. b4 Qxd4 19. exd4 Rc4 20. Ne2 Rfc8 21. Kf2
b5 22. Ke3 Nb6 23. Kd3 Kf8 24. Kd2 Ke7 25. Rc3 Na4 26. Rxc4
Rxc4 27. Rc1 Kd7 28. Rc2 Kc6 29. Kd3 Kb6 30. Nc3 Nxc3 31. Rxc3
a5 32. Rb3 axb4 33. axb4 Kb7 34. Rb1 Kc6 35. h4 Kb7 36. g4 Kc6
37. h5 Kb7 38. hxg6 fxg6 39. g5 Kc6 40. Ke3 Rc3+ 41. Ke2 Kb7
42. Rb2 Rh3 43. Rb1 Kb6 44. Rc1 Rb3 45. Rc8 Rxb4 46. Rg8 Rxd4
47. Ke3 Re4+ 48. Kf3 b4 49. Rxg7 b3 50. Rg8 Rb4 51. Rb8+ Kc5
52. Rc8+ Kd4 53. Rc1 b2 54. Rb1 Kc3 55. f5 exf5 56. e6 Kc2
57. e7 Re4 0-1

[Event "Reykjavik Open"]
[Site "Reykjavik ISL"]
[Date "2017.04.20"]
[EventDate "2017.04.19"]
[Round "2.91"]
[Result "1-0"]
[White "Aron Thor Mai"]
[Black "Teck Woon Tan"]
[WhiteElo "1956"]
[BlackElo "1636"]
[PlyCount "191"]

1. e4 e5 2. Nf3 Nc6 3. d4 exd4 4. Nxd4 Bc5 5. Nb3 Be7 6. Nc3
Nf6 7. Bf4 d6 8. Qd2 O-O 9. O-O-O a5 10. a4 Be6 11. Kb1 b6
12. f3 Ne5 13. Nd5 Nxd5 14. exd5 Bd7 15. Qd4 Ng6 16. Bg3 Bf6
17. Qc4 Ne5 18. Bxe5 Bxe5 19. f4 Bf6 20. Nd4 Bxd4 21. Qxd4 Bf5
22. g4 Bd7 23. b3 Re8 24. Bd3 Re7 25. g5 g6 26. h4 Qf8
27. Rde1 Rae8 28. Rxe7 Rxe7 29. Qf6 Re8 30. f5 Qg7 31. fxg6
fxg6 32. Qf3 Rf8 33. Qg2 Bf5 34. Qd2 Qd4 35. Rd1 Bxd3 36. Qxd3
Qxd3 37. Rxd3 Rf2 38. Rd4 Kf8 39. Kb2 Ke8 40. Kc3 Kd8 41. Kc4
Kc8 42. Kb5 Kb7 43. c3 Rf3 44. Kc4 Rh3 45. Rf4 Rh1 46. b4 axb4
47. cxb4 Ka6 48. Re4 Kb7 49. Kb5 Rh2 50. Rf4 Rh1 51. Re4 Rh2
52. a5 bxa5 53. bxa5 Rb2+ 54. Rb4 Ra2 55. Rf4 Rb2+ 56. Kc4 Rh2
57. Kc3 Ka6 58. Ra4 Rh1 59. Kd3 Rh3+ 60. Ke2 Rh2+ 61. Kf3 Rd2
62. Rc4 Rxd5 63. Rxc7 h6 64. gxh6 Rh5 65. Rc6+ Kxa5 66. Rxd6
Rxh6 67. Kg4 Kb5 68. Rd4 Rh5 69. Kf3 Kc5 70. Rg4 Rf5+ 71. Ke4
Rf6 72. Ke5 Rc6 73. Kf4 Kd5 74. Rg5+ Kd4 75. Ra5 Rf6+ 76. Kg5
Rb6 77. Kh6 g5+ 78. Kxg5 Rb1 79. Rf5 Ke4 80. Rf2 Rg1+ 81. Kh6
Ke5 82. h5 Rh1 83. Kg6 Rg1+ 84. Kh7 Rh1 85. h6 Ke6 86. Rg2 Kf7
87. Rf2+ Ke7 88. Rf3 Rh2 89. Rf1 Ke8 90. Rf6 Ke7 91. Kg7 Rg2+
92. Rg6 Rf2 93. h7 Rf7+ 94. Kh6 Rf8 95. Rg8 Rf1 96. h8=Q 1-0

[Event "Reykjavik Open"]
[Site "Reykjavik ISL"]
[Date "2017.04.20"]
[EventDate "2017.04.19"]
[Round "2.92"]
[Result "1/2-1/2"]
[White "Hreinn Hrafnsson"]
[Black "Thor Valtysson"]
[WhiteElo "1621"]
[BlackElo "1955"]
[PlyCount "115"]

1. c4 c6 2. d4 d5 3. e3 Nf6 4. Nc3 e6 5. Nf3 Nbd7 6. Bd3 dxc4
7. Bxc4 b5 8. Bd3 a6 9. O-O Bb7 10. b3 c5 11. Bb2 Be7 12. Rc1
O-O 13. Qe2 Qb6 14. Rfd1 Rac8 15. Bb1 h6 16. e4 cxd4 17. Nxd4
Bc5 18. e5 Bxd4 19. exf6 Nxf6 20. Nd5 Bxf2+ 21. Kf1 Nxd5
22. Qxf2 Qxf2+ 23. Kxf2 Rxc1 24. Rxc1 Rc8 25. Be4 Rxc1
26. Bxc1 Kf8 27. Ba3+ Ke8 28. g3 g6 29. Bxd5 Bxd5 30. Bc1 h5
31. Ke3 e5 32. Bb2 f6 33. Bc3 Kd7 34. Bb4 Ke6 35. Ba5 f5
36. Bc7 Be4 37. a3 Bc2 38. b4 Kd5 39. Kd2 Be4 40. Kc3 g5
41. Bd8 g4 42. Bg5 Bg2 43. Kd3 Bf1+ 44. Ke3 Kc4 45. Bf6 Kb3
46. Bxe5 Kxa3 47. Bd6 Ka4 48. Kd2 Kb3 49. Ke1 Bc4 50. Kd2 Bd5
51. Be7 Kc4 52. Ke3 a5 53. bxa5 b4 54. a6 b3 55. Bf6 Kb5
56. a7 Kb6 57. Bd4+ Kb7 58. Kf4 1/2-1/2

[Event "Reykjavik Open"]
[Site "Reykjavik ISL"]
[Date "2017.04.20"]
[EventDate "2017.04.19"]
[Round "2.94"]
[Result "0-1"]
[White "Allan Nielsen"]
[Black "Peter J Mulleady"]
[WhiteElo "1606"]
[BlackElo "1949"]
[PlyCount "89"]

1. e4 Nf6 2. Nc3 e5 3. Nf3 Nc6 4. Bb5 Nd4 5. d3 Nxb5 6. Nxb5
d6 7. h3 Be7 8. O-O O-O 9. b3 Ne8 10. Qe2 f5 11. Nc3 Nf6
12. Ba3 c5 13. Rab1 a5 14. Nd2 f4 15. Kh2 Be6 16. Rg1 Qd7
17. Nf3 b5 18. Nd1 Kh8 19. Ng5 Bg8 20. c4 b4 21. Bb2 h6
22. Nf3 g5 23. g4 a4 24. Nd2 Bf7 25. f3 h5 26. Qg2 Be6 27. Nf2
Rg8 28. Rh1 Rg7 29. Kg1 Rh7 30. Kf1 Kg7 31. Ke2 axb3 32. axb3
Ra2 33. Ba1 Qa7 34. Qg1 Rh8 35. Bb2 Qb7 36. Qc1 Rha8 37. h4
hxg4 38. hxg5 gxf3+ 39. Nxf3 Ng4 40. Nxg4 Bxg4 41. Qxf4 Rxb2+
42. Rxb2 exf4 43. Rg1 Bxf3+ 44. Kxf3 Qd7 45. Rg4 0-1

[Event "Reykjavik Open"]
[Site "Reykjavik ISL"]
[Date "2017.04.20"]
[EventDate "2017.04.19"]
[Round "2.95"]
[Result "1-0"]
[White "Juergen Meyer"]
[Black "Lorenz Theuer"]
[WhiteElo "1944"]
[BlackElo "1583"]
[PlyCount "139"]

1. e4 e6 2. d4 d5 3. Nc3 Bb4 4. e5 Ne7 5. Bd2 b6 6. Nb5 Bxd2+
7. Qxd2 Nf5 8. Bd3 a6 9. Bxf5 exf5 10. Na3 Be6 11. c3 Nd7
12. f4 c5 13. Nf3 cxd4 14. cxd4 f6 15. Nc2 a5 16. Na3 fxe5
17. fxe5 O-O 18. Nb5 f4 19. Nd6 Nf6 20. exf6 Qxd6 21. fxg7
Kxg7 22. O-O Qb4 23. a3 Qxd2 24. Nxd2 Rf6 25. Rac1 Rc8
26. Rxc8 Bxc8 27. Rc1 Bg4 28. Rc3 Kg6 29. Kf2 Re6 30. Nf3 Bxf3
31. gxf3 Kf5 32. b4 axb4 33. axb4 Rh6 34. Kg2 Rg6+ 35. Kf1 Rh6
36. Kg1 Rg6+ 37. Kf1 Rh6 38. Rc2 Re6 39. Rc7 Rh6 40. Kg2 Rg6+
41. Kh1 h6 42. Rf7+ Rf6 43. Rd7 Ke6 44. Rb7 Kf5 45. b5 Rd6
46. Kg2 Kg5 47. Kf2 Kf6 48. Rb8 Kf7 49. Kg2 Rg6+ 50. Kh3 Ke7
51. Rb7+ Ke8 52. Kh4 Rg2 53. Rxb6 Rxh2+ 54. Kg4 Rd2 55. Kxf4
Rxd4+ 56. Ke5 Rd3 57. f4 h5 58. Rh6 Rb3 59. b6 h4 60. Kxd5 h3
61. Kc6 Rc3+ 62. Kb7 Kd7 63. Rh7+ Kd6 64. Kb8 Rb3 65. b7 Re3
66. f5 Kc6 67. f6 Kb6 68. f7 Rf3 69. Rh6+ Kc5 70. Kc8 1-0

[Event "Reykjavik Open"]
[Site "Reykjavik ISL"]
[Date "2017.04.20"]
[EventDate "2017.04.19"]
[Round "2.97"]
[Result "0-1"]
[White "Smari Arnarson"]
[Black "Sigurdur Eiriksson"]
[WhiteElo "1550"]
[BlackElo "1928"]
[PlyCount "124"]

1. e4 c5 2. Nf3 d6 3. Bb5+ Bd7 4. Bxd7+ Qxd7 5. c4 Nc6 6. d4
cxd4 7. Nxd4 g6 8. b3 Nf6 9. Nc3 Bg7 10. Bb2 O-O 11. O-O a6
12. Rc1 Rac8 13. Nd5 Qd8 14. Nxc6 bxc6 15. Nxf6+ exf6 16. Qd2
Re8 17. f3 Re6 18. Rfd1 Qf8 19. Qf2 Bh6 20. Rc3 Qe8 21. Bc1
Bf8 22. Kf1 Qd8 23. Rcd3 Qa5 24. Bf4 Rd8 25. Qb2 f5 26. Bd2
Qc5 27. Be3 Qa5 28. b4 Qc7 29. c5 fxe4 30. cxd6 Rexd6 31. Rxd6
Rxd6 32. Rxd6 Qxd6 33. Bc5 Qd1+ 34. Kf2 Bg7 35. Qe2 Qxe2+
36. Kxe2 exf3+ 37. Kxf3 f5 38. Ke3 Kf7 39. Bd4 Bf8 40. Bc5
Bh6+ 41. Kf3 Ke6 42. g3 Kd5 43. Ke2 Bc1 44. Kd3 h5 45. h4 Bb2
46. Be3 Bf6 47. Bd2 Be7 48. a3 Bd6 49. Bf4 Be7 50. Be3 Bf6
51. Bc1 Be5 52. Bf4 Bb2 53. a4 Bf6 54. Bd2 Be7 55. a5 Bd6
56. Be1 f4 57. gxf4 Bxf4 58. Bf2 g5 59. hxg5 Bxg5 60. Bg3 h4
61. Bf2 h3 62. Bg3 Be7 0-1

[Event "Reykjavik Open"]
[Site "Reykjavik ISL"]
[Date "2017.04.20"]
[EventDate "2017.04.19"]
[Round "2.104"]
[Result "1-0"]
[White "Dustin Tennessee Opasiak"]
[Black "Hjalmar Sigurvaldason"]
[WhiteElo "1885"]
[BlackElo "1441"]
[PlyCount "123"]

1. e4 e5 2. Nf3 Nf6 3. Nxe5 d6 4. Nf3 Nxe4 5. Nc3 Nf6 6. d4 d5
7. Bd3 Bg4 8. Qe2+ Be7 9. h3 Bxf3 10. Qxf3 c6 11. O-O O-O
12. Ne2 Nbd7 13. Ng3 Re8 14. c3 Bf8 15. Bd2 Qb6 16. b3 c5
17. dxc5 Qxc5 18. Bf5 Ne5 19. Qf4 Nc6 20. b4 Qd6 21. Rfe1 a6
22. a3 b5 23. Qh4 h6 24. Bf4 Qd8 25. Rxe8 Qxe8 26. Bxh6 gxh6
27. Qxf6 Bg7 28. Qd6 Rd8 29. Qc5 d4 30. Rd1 dxc3 31. Rxd8 Nxd8
32. Bc2 Qe1+ 33. Kh2 Qd2 34. Qf5 Ne6 35. Nh5 Qc1 36. Nxg7 Kxg7
37. Qh7+ Kf8 38. Qh8+ Ke7 39. Qxc3 Qf4+ 40. Qg3 Qc4 41. Bb3
Qc6 42. Qe3 Qd6+ 43. Kg1 Qd4 44. Bxe6 Qa1+ 45. Kh2 fxe6
46. Qa7+ Kf6 47. Qxa6 Qe5+ 48. g3 h5 49. Qa8 Kg7 50. Qf3 Qd4
51. Kg2 Qb2 52. Qxh5 e5 53. Qg4+ Kf6 54. Qf3+ Kg5 55. h4+ Kg6
56. Qc6+ Kf5 57. Qxb5 Qxa3 58. Qc5 Kg4 59. Qc8+ Kh5 60. Qe8+
Kh6 61. Qxe5 Qa8+ 62. Kh2 1-0

[Event "Reykjavik Open"]
[Site "Reykjavik ISL"]
[Date "2017.04.20"]
[EventDate "2017.04.19"]
[Round "2.105"]
[Result "0-1"]
[White "Benedikt Briem"]
[Black "Hilmar Thorsteinsson"]
[WhiteElo "1446"]
[BlackElo "1875"]
[PlyCount "96"]

1. d4 d5 2. c4 e6 3. Nc3 Nf6 4. cxd5 exd5 5. Nf3 Bf5 6. Bg5 c6
7. e3 h6 8. Bh4 Be7 9. Bxf6 Bxf6 10. Bd3 Bxd3 11. Qxd3 O-O
12. O-O Nd7 13. Qe2 Re8 14. Nd2 Bxd4 15. Qd3 Bxc3 16. Qxc3 Qf6
17. Qxf6 Nxf6 18. Rac1 Ne4 19. Rfd1 f5 20. Nb3 Rac8 21. h3 g6
22. Rd4 b6 23. Nd2 Kf7 24. Nxe4 fxe4 25. b4 Re5 26. Kf1 Ke6
27. Ke2 a6 28. a3 Rf5 29. Ke1 c5 30. bxc5 bxc5 31. Ra4 Rc6
32. Rb4 Rf7 33. Rb8 Kd6 34. Rg8 Kc7 35. Rh8 h5 36. Re8 Rff6
37. Re5 Kd6 38. Re8 Re6 39. Rb8 d4 40. exd4 cxd4 41. Rd8+ Ke5
42. Rd1 Rcd6 43. Rf8 d3 44. f4+ Kd4 45. f5 Rf6 46. Rb8 Rxf5
47. Rb4+ Ke3 48. Rb2 Rdf6 0-1

[Event "Reykjavik Open"]
[Site "Reykjavik ISL"]
[Date "2017.04.20"]
[EventDate "2017.04.19"]
[Round "3.1"]
[Result "0-1"]
[White "Eugene Perelshteyn"]
[Black "Anish Giri"]
[WhiteElo "2509"]
[BlackElo "2771"]
[PlyCount "90"]

1. d4 Nf6 2. c4 e6 3. Nf3 d5 4. g3 Bb4+ 5. Nc3 O-O 6. Bg2 dxc4
7. O-O Nc6 8. Bg5 h6 9. Bxf6 Qxf6 10. e3 Bxc3 11. bxc3 Rb8
12. Nd2 Na5 13. Qa4 b6 14. Qb5 Qf5 15. a4 c6 16. Qb4 Ba6
17. e4 Qg5 18. f4 Qd8 19. Rad1 Qc7 20. Qa3 c5 21. d5 exd5
22. exd5 Nb7 23. Nf3 Nd6 24. Ne5 Rbe8 25. Rfe1 Re7 26. Nc6
Rxe1+ 27. Rxe1 Re8 28. Re5 Bc8 29. Qc1 Bd7 30. Qe3 Kf8 31. h3
f6 32. Rxe8+ Bxe8 33. g4 Bf7 34. h4 Qd7 35. h5 Qe8 36. Qg3 Ne4
37. Bxe4 Qxe4 38. f5 Kg8 39. Qc7 Qxg4+ 40. Kh2 Qh4+ 41. Kg1
Qe1+ 42. Kh2 Qf2+ 43. Kh3 Qf3+ 44. Kh4 Qxh5+ 45. Kg3 Qg5+ 0-1

[Event "Reykjavik Open"]
[Site "Reykjavik ISL"]
[Date "2017.04.20"]
[EventDate "2017.04.19"]
[Round "3.3"]
[Result "1/2-1/2"]
[White "Burak Firat"]
[Black "Baadur Jobava"]
[WhiteElo "2503"]
[BlackElo "2712"]
[PlyCount "60"]

1. d4 d5 2. c4 c6 3. Nf3 Nf6 4. cxd5 cxd5 5. Nc3 Nc6 6. Bf4
Bf5 7. e3 e6 8. Bd3 Bxd3 9. Qxd3 Bd6 10. Bxd6 Qxd6 11. O-O O-O
12. Rac1 Rfc8 13. a3 Qd8 14. Ne2 Ne7 15. Rxc8 Rxc8 16. Rc1 Ne8
17. Rxc8 Qxc8 18. Qc3 Qxc3 19. Nxc3 f6 20. Ne1 Kf7 21. Nd3 Nd6
22. Kf1 Nc6 23. Ke2 Ke7 24. f3 b6 25. g4 Kd7 26. Kf2 Ke7
27. Ke2 Kd7 28. Kf2 Ke7 29. Ke2 Kd7 30. Kf2 Ke7 1/2-1/2

[Event "Reykjavik Open"]
[Site "Reykjavik ISL"]
[Date "2017.04.20"]
[EventDate "2017.04.19"]
[Round "3.5"]
[Result "1/2-1/2"]
[White "Awonder Liang"]
[Black "Alexey Shirov"]
[WhiteElo "2483"]
[BlackElo "2693"]
[PlyCount "60"]

1. e4 e5 2. Nf3 Nc6 3. Nc3 Nf6 4. Bb5 Nd4 5. Nxd4 exd4 6. e5
dxc3 7. exf6 Qxf6 8. dxc3 Qe5+ 9. Qe2 Qxe2+ 10. Bxe2 d5
11. Bf4 c6 12. c4 Be6 13. cxd5 Bxd5 14. O-O Be7 15. Rfe1 O-O
16. Bf3 Be6 17. Bg4 Bb4 18. Re4 Bxg4 19. Rxb4 b5 20. Bd6 Rfd8
21. Bc7 Rd1+ 22. Rxd1 Bxd1 23. c3 Re8 24. f3 Be2 25. Re4 Rxe4
26. fxe4 Bd3 27. e5 Kf8 28. Kf2 Ke7 29. Ke3 Bb1 30. a3 Kd7
1/2-1/2

[Event "Reykjavik Open"]
[Site "Reykjavik ISL"]
[Date "2017.04.20"]
[EventDate "2017.04.19"]
[Round "3.6"]
[Result "0-1"]
[White "Eugenio Torre"]
[Black "Gawain Jones"]
[WhiteElo "2455"]
[BlackElo "2671"]
[PlyCount "126"]

1. d4 Nf6 2. Nf3 g6 3. Bg5 Bg7 4. Nbd2 O-O 5. e4 d5 6. exd5
Nxd5 7. c3 h6 8. Bh4 c5 9. dxc5 Nf4 10. Bg3 Qc7 11. Bxf4 Qxf4
12. Bc4 Nd7 13. O-O Nxc5 14. Qe2 Be6 15. Bxe6 Nxe6 16. Rfd1
Rfd8 17. Nc4 h5 18. Ne3 Qe4 19. Qc4 Qxc4 20. Nxc4 Nc5 21. Kf1
Na4 22. Rxd8+ Rxd8 23. Rb1 Rd5 24. Ncd2 g5 25. Nb3 g4 26. Nfd4
Kh7 27. Nc2 Kg6 28. Ne3 Rd6 29. Nc4 Rc6 30. Ne3 e6 31. Nd1 Bh6
32. Ke2 e5 33. Kd3 f5 34. Kc2 h4 35. Ne3 g3 36. hxg3 hxg3
37. Rf1 Nb6 38. Nd1 gxf2 39. Rxf2 Nc4 40. Re2 Kh5 41. Nc1 Rd6
42. Nd3 e4 43. Nc5 b6 44. Nb3 Kg5 45. Nf2 e3 46. Nd3 Bg7
47. Nbc1 f4 48. Ne1 Kg4 49. Nf3 Ne5 50. Nxe5+ Bxe5 51. Nd3 Bf6
52. Ne1 Bh4 53. Nd3 Kf5 54. b4 Ke4 55. Nb2 Bg5 56. Nc4 Rd8
57. a4 Bh4 58. Kb3 Bf2 59. Ra2 Rg8 60. a5 b5 61. Nd6+ Kd3
62. Nxb5 e2 63. Ra1 Rxg2 0-1

[Event "Reykjavik Open"]
[Site "Reykjavik ISL"]
[Date "2017.04.20"]
[EventDate "2017.04.19"]
[Round "3.9"]
[Result "1-0"]
[White "Nils Grandelius"]
[Black "Johan-Sebastian Christiansen"]
[WhiteElo "2641"]
[BlackElo "2429"]
[PlyCount "115"]

1. Nf3 d5 2. e3 Nf6 3. c4 e6 4. b3 dxc4 5. bxc4 c5 6. Bb2 Be7
7. g3 b6 8. Bg2 Bb7 9. O-O O-O 10. Nc3 Nc6 11. Qe2 Qc8
12. Rfd1 Rd8 13. Rac1 Na5 14. Ba1 Bc6 15. d3 Qb7 16. h3 Rab8
17. Rb1 Nd7 18. Ne1 Bxg2 19. Nxg2 a6 20. f4 Qc6 21. a4 Bf6
22. Ne1 Nb7 23. Qf3 Qc7 24. Qg2 Nd6 25. Nf3 b5 26. axb5 axb5
27. Nxb5 Nxb5 28. Rxb5 Rxb5 29. cxb5 Qb6 30. Bxf6 Nxf6 31. Rb1
Nd5 32. Ne5 Nb4 33. Ra1 Qxb5 34. Ra8 Qe8 35. Ra7 f6 36. Qb7
Qf8 37. Nd7 Qe7 38. Nxc5 Qxb7 39. Rxb7 Nxd3 40. Nxe6 Re8
41. Rxg7+ Kh8 42. Rd7 Ne5 43. Rd8 Rxd8 44. Nxd8 Nc4 45. Kf2
Kg7 46. Ne6+ Kg6 47. e4 Nd2 48. Nc5 h5 49. Ke2 Nc4 50. Kd3
Nb2+ 51. Kd4 Nd1 52. Nd3 Kf7 53. f5 Kg7 54. Nf4 Kh6 55. e5
fxe5+ 56. Kxe5 h4 57. g4 Kg7 58. f6+ 1-0

[Event "Reykjavik Open"]
[Site "Reykjavik ISL"]
[Date "2017.04.20"]
[EventDate "2017.04.19"]
[Round "3.11"]
[Result "1/2-1/2"]
[White "Mustafa Yilmaz"]
[Black "Sarin Nihal"]
[WhiteElo "2614"]
[BlackElo "2424"]
[PlyCount "71"]

1. d4 Nf6 2. c4 e6 3. Nf3 d5 4. Nc3 dxc4 5. e4 Bb4 6. Bg5 c5
7. Bxc4 cxd4 8. Nxd4 Bxc3+ 9. bxc3 Qa5 10. Bxf6 Qxc3+ 11. Kf1
gxf6 12. Rc1 Qa5 13. Qg4 Nd7 14. h4 Rf8 15. Be2 Ne5 16. Qg7
Ke7 17. g4 Qd2 18. Rd1 Qf4 19. g5 Bd7 20. gxf6+ Qxf6 21. Qg3
Rg8 22. Qa3+ Ke8 23. Nb5 Bxb5 24. Bxb5+ Nc6 25. Qd6 Rd8
26. Bxc6+ bxc6 27. Qxc6+ Kf8 28. Rxd8+ Qxd8 29. Qc5+ Qe7
30. Qc8+ Qe8 31. Qb7 Qe7 32. Qb8+ Qe8 33. Qb2 Qa4 34. Qb8+ Qe8
35. Qb4+ Qe7 36. Qb8+ 1/2-1/2

[Event "Reykjavik Open"]
[Site "Reykjavik ISL"]
[Date "2017.04.20"]
[EventDate "2017.04.19"]
[Round "3.12"]
[Result "1/2-1/2"]
[White "Kidambi Sundararajan"]
[Black "Konstantin Landa"]
[WhiteElo "2422"]
[BlackElo "2611"]
[PlyCount "197"]

1. d4 d5 2. Nf3 Nf6 3. c4 e6 4. Nc3 Be7 5. Bg5 Nbd7 6. e3 h6
7. Bh4 O-O 8. Be2 c5 9. cxd5 Nxd5 10. Bxe7 Nxe7 11. O-O b6
12. dxc5 Nxc5 13. b4 Nd7 14. Rc1 Bb7 15. Nb5 Nf6 16. Ne5 Ned5
17. a3 a5 18. Nd4 axb4 19. Ndc6 Qc7 20. axb4 Nxb4 21. Nxb4
Qxe5 22. Bf3 Rfd8 23. Qe2 Bxf3 24. Qxf3 Qe4 25. Nc6 Rd7
26. Rb1 Rb7 27. Qxe4 Nxe4 28. Rfc1 Ra2 29. f3 Nf6 30. e4 g5
31. Rd1 Kg7 32. Nb4 Ra8 33. Rb2 Rc8 34. Kf2 Nd7 35. Nd3 Rc3
36. Ke2 Rbc7 37. Ne1 Kf6 38. Ra1 h5 39. Ra8 Rc8 40. Ra7 R3c7
41. Ra1 h4 42. Rd1 Ke7 43. Ra1 Rc1 44. Ra7 R1c7 45. Ra1 Rc5
46. Ra7 R8c7 47. Ra8 Ra5 48. Rg8 Rca7 49. Nd3 Ra2 50. Rxa2
Rxa2+ 51. Kf1 Rd2 52. Nf2 f6 53. g3 Ne5 54. gxh4 gxh4 55. f4
Nd3 56. Nxd3 Rxd3 57. Rb8 Rb3 58. Kf2 Rb2+ 59. Kf3 f5 60. exf5
exf5 61. Ke3 h3 62. Kf3 Kd6 63. Kg3 Rb3+ 64. Kh4 b5 65. Kg5
Rb2 66. Kxf5 Kc7 67. Re8 Rxh2 68. Re3 Rh1 69. Ke6 h2 70. Re2
Rf1 71. Rxh2 Rxf4 72. Ke5 Rf3 73. Rh6 Rd3 74. Ke4 Rd8 75. Ke3
Kb7 76. Rg6 Rd5 77. Ke4 Rd1 78. Ke3 Kc7 79. Rh6 Rd8 80. Rh1
Kb6 81. Rb1 Rd7 82. Ke4 Rd6 83. Ke3 Rd5 84. Ke4 Kc6 85. Rc1+
Rc5 86. Rb1 Rc3 87. Kd4 Ra3 88. Rc1+ Kb6 89. Rc3 Ra2 90. Rc1
Ra3 91. Rc3 Ra8 92. Kd3 b4 93. Rb3 Kb5 94. Kc2 Kc4 95. Rh3
Ra2+ 96. Kb1 Rd2 97. Rg3 Rd3 98. Rxd3 Kxd3 99. Kb2 1/2-1/2

[Event "Reykjavik Open"]
[Site "Reykjavik ISL"]
[Date "2017.04.20"]
[EventDate "2017.04.19"]
[Round "3.13"]
[Result "1-0"]
[White "Abhijeet Gupta"]
[Black "Bjorn Ahlander"]
[WhiteElo "2607"]
[BlackElo "2416"]
[PlyCount "99"]

1. Nf3 Nf6 2. c4 e6 3. g3 d5 4. Bg2 Be7 5. O-O O-O 6. d4 c6
7. Qc2 Nbd7 8. Nbd2 b6 9. e4 Ba6 10. b3 Rc8 11. Bb2 c5
12. exd5 exd5 13. Rfd1 Re8 14. Nf1 dxc4 15. d5 cxb3 16. axb3
Bb5 17. Ne3 a5 18. Bh3 h6 19. Nc4 Bf8 20. Nfe5 Nxe5 21. Nxe5
Rc7 22. Bg2 Qd6 23. Nc4 Bxc4 24. bxc4 Rce7 25. Qb3 g6 26. Rab1
Bg7 27. Qb5 Rc8 28. Bh3 Rb8 29. Qc6 Ne8 30. Bc1 Rc7 31. Qa4 g5
32. Re1 Kf8 33. Be3 Bd4 34. Bxd4 cxd4 35. Rbd1 Qb4 36. Qc2 Kg8
37. Qe4 Rxc4 38. Bf1 Nd6 39. Qf3 Rc7 40. Qf6 Rf8 41. Qxh6 f6
42. Bh3 f5 43. Re6 Ne8 44. Bxf5 Rg7 45. Rxb6 Qe7 46. Be6+ Rgf7
47. d6 Qd8 48. Rb7 Ng7 49. Rxf7 Rxf7 50. Qg6 1-0

[Event "Reykjavik Open"]
[Site "Reykjavik ISL"]
[Date "2017.04.20"]
[EventDate "2017.04.19"]
[Round "3.15"]
[Result "1-0"]
[White "Jorden van Foreest"]
[Black "Tuvshintugs Batchimeg"]
[WhiteElo "2584"]
[BlackElo "2394"]
[PlyCount "121"]

1. e4 e5 2. Nf3 Nc6 3. Bc4 Nf6 4. d3 Be7 5. O-O d6 6. a4 Na5
7. Ba2 c5 8. c3 Nc6 9. Na3 O-O 10. Re1 a6 11. Bg5 Rb8 12. Nc2
h6 13. Bh4 Nh5 14. Bxe7 Qxe7 15. Ne3 Be6 16. Nd5 Qd8 17. Nd2
Nf6 18. Nxf6+ Qxf6 19. Nc4 Rfd8 20. Qe2 d5 21. Ne3 Ne7 22. a5
d4 23. Bxe6 Qxe6 24. Nc4 Nc6 25. g3 Rf8 26. f4 exf4 27. gxf4
Rbd8 28. Qf3 Qf6 29. Rac1 g5 30. Rf1 dxc3 31. bxc3 gxf4
32. Kh1 Kh8 33. Rb1 Rg8 34. Rxb7 Qg5 35. e5 Nxe5 36. Nxe5 Qxe5
37. Rxf7 Qd5 38. Rxf4 Qxd3 39. Qh5 Rg6 40. Qxc5 Qd5+ 41. Qxd5
Rxd5 42. Rf5 Rg5 43. Rf6 Rxa5 44. Rxh6+ Kg7 45. Rb6 Rg6
46. Rxg6+ Kxg6 47. Kg2 Rg5+ 48. Kf3 Rh5 49. Ke4 Rxh2 50. c4
Rc2 51. Kd3 Rb2 52. c5 Rb7 53. c6 Rc7 54. Rc1 Kf7 55. Kd4 Ke8
56. Kc5 Kd8 57. Kb6 Rf7 58. Rh1 Rf6 59. Kb7 Rf7+ 60. Kb8 Rf8
61. Rh7 1-0

[Event "Reykjavik Open"]
[Site "Reykjavik ISL"]
[Date "2017.04.20"]
[EventDate "2017.04.19"]
[Round "3.22"]
[Result "0-1"]
[White "Orn Leo Johannsson"]
[Black "Hannes Stefansson"]
[WhiteElo "2236"]
[BlackElo "2566"]
[PlyCount "110"]

1. e4 c5 2. Nf3 e6 3. d3 Nc6 4. g3 g6 5. Bg2 Bg7 6. O-O Nge7
7. c3 d5 8. Re1 h6 9. Na3 b6 10. Nc2 Bb7 11. h4 dxe4 12. dxe4
Qxd1 13. Rxd1 Na5 14. Nh2 O-O 15. Ne3 Rad8 16. Bd2 Nc8 17. Be1
Nd6 18. f3 Nac4 19. Nxc4 Nxc4 20. Rxd8 Rxd8 21. Rb1 Ne3
22. Nf1 Rd1 23. Nd2 Ba6 24. Rxd1 Nxd1 25. Bf1 Bxf1 26. Kxf1
Nxb2 27. Nb1 f5 28. exf5 exf5 29. Ke2 Kf7 30. Na3 Ke6 31. c4
a6 32. Kd2 Kd7 33. Kc2 Kc6 34. Bd2 b5 35. Bxh6 Bf6 36. Bc1 Na4
37. Bd2 b4 38. Nb1 Nb2 39. Kb3 Nd3 40. a3 a5 41. Be3 Ne1
42. axb4 cxb4 43. Nd2 Bc3 44. Nb1 Be5 45. f4 Bc7 46. Nd2 Bb6
47. Bxb6 Kxb6 48. Ka4 Nd3 49. Kb3 Nc5+ 50. Kc2 a4 51. Nf3 Ka5
52. Ne5 a3 53. Nxg6 b3+ 54. Kb1 a2+ 55. Ka1 Kb4 0-1

[Event "Reykjavik Open"]
[Site "Reykjavik ISL"]
[Date "2017.04.20"]
[EventDate "2017.04.19"]
[Round "3.24"]
[Result "1/2-1/2"]
[White "John Doknjas"]
[Black "Abhijit Kunte"]
[WhiteElo "2216"]
[BlackElo "2491"]
[PlyCount "60"]

1. d4 Nf6 2. c4 e6 3. Nc3 Bb4 4. e3 b6 5. Nge2 c5 6. a3 Ba5
7. Rb1 Na6 8. Bd2 O-O 9. Ng3 Bb7 10. Bd3 d5 11. cxd5 cxd4
12. exd4 Bxc3 13. bxc3 Qxd5 14. Qe2 Nb8 15. f3 Qa2 16. c4 Nc6
17. Bb4 Qxe2+ 18. Nxe2 Rfd8 19. Bc3 Rac8 20. Kf2 Ba6 21. Rbc1
Ne8 22. Rhd1 Nd6 23. d5 exd5 24. cxd5 Bxd3 25. Rxd3 Ne7
26. Rcd1 f6 27. Bb4 Kf7 28. Nd4 Ndf5 29. d6 Nxd6 30. Nb5 Nb7
1/2-1/2

[Event "Reykjavik Open"]
[Site "Reykjavik ISL"]
[Date "2017.04.20"]
[EventDate "2017.04.19"]
[Round "3.26"]
[Result "1/2-1/2"]
[White "Gudmundur Kjartansson"]
[Black "Vera Nebolsina"]
[WhiteElo "2468"]
[BlackElo "2285"]
[PlyCount "62"]

1. d4 Nf6 2. c4 g6 3. Nf3 Bg7 4. g3 c6 5. Bg2 d5 6. b3 O-O
7. O-O a5 8. Nc3 Be6 9. cxd5 Nxd5 10. Bb2 Nxc3 11. Bxc3 h6
12. e4 Qc8 13. Qd2 a4 14. Rfc1 axb3 15. d5 Bxc3 16. Rxc3 Rxa2
17. Rxa2 bxa2 18. Qxa2 Bh3 19. Qd2 Bxg2 20. Kxg2 Qg4 21. Qxh6
Qxe4 22. Kh3 Qf5+ 23. g4 Qf6 24. Rb3 cxd5 25. Ng5 Qh8
26. Qxh8+ Kxh8 27. Rxb7 Kg7 28. f4 Re8 29. Kg3 Nc6 30. Rc7 Nb4
31. Rb7 Nc6 1/2-1/2